Datum a čas kvízu
32
Celkem bodů
Celkový počet nahraných bodů na tomto kvízu bez doplňovacích otázek.
1.
Pořadí na kvízu
Konečné umístění týmu na tomto kvízu.
Zaznamenané odpovědi
| # | Otázka | Odpověď | Body | Výsledky |
|---|---|---|---|---|
| 1. | Novým místopředsedou sněmovny... | Aleš Juchelka | 1 | |
| 2. | Minulý týden jsme se dozvěděli... | A) elektrokol | 1 | |
| 3. | Minulý týden jsme se dozvěděli... | Tereza Pergnerová | 1 | |
| 4. | Ve čtvrtek byla veřejnosti pře... | v Ostravě | 1 | |
| 5. | Z pondělí na úterý se konalo f... | Florida Panthers, Edmonton Oilers | 0.5 | |
| 6. | Dobytek se tradičně rozděloval... | brav | 1 | |
| 7. | Jak se jmenuje zobrazené asijs... | kašmírská koza | 0 | |
| 8. | Které z následujících tvrzení... | B | 1 | |
| 9. | Jak se jmenuje člověkem vyhube... | pratur | 0 | |
| 10. | Zvířata, která mají vlnu, vylu... | lanolin | 0 |